| 000 | 01024nam a2200265 i 4500 | ||
|---|---|---|---|
| 001 | 179768 | ||
| 003 | ES-MaACL | ||
| 005 | 20240429121026.0 | ||
| 008 | 120120s2011 sp |||| | spa d | ||
| 020 | _a978-84-9895-132-5 | ||
| 080 | _a821.134.2 García López, Ángel 1.07 | ||
| 245 | 0 | 3 |
_aLa poesía de Ángel García López / _cJosé Jurado Morales (ed.). |
| 260 |
_aMadrid : _bVisor Libros, _c2011. |
||
| 300 |
_a381 p. ; _c21 cm. |
||
| 490 | 1 |
_aBiblioteca filológica hispana ; _v132 |
|
| 504 | _aBibliografía: p. [349]-381. | ||
| 505 | 8 |
_aContiene: ; _tPalabras para agradecer un homenaje / _rÁngel García López |
|
| 600 | 1 | 7 |
_aGarcía López, Ángel, _d1935- _xCrítica e interpretación _2 _9149154 |
| 700 | 1 |
_aJurado Morales, José. _967327 |
|
| 700 | 1 |
_aGarcía López, Ángel, _d1935- _954840 |
|
| 830 | 0 |
_aBiblioteca filológica hispana ; _v132 _9179654 |
|
| 852 | 1 |
_aES-MaACL _jA-11910 _9186668 _bR.148327 _cDEPO1 _dOlim: N-4915 |
|
| 942 |
_2udc _cMONOGRAFIA |
||
| 999 |
_c179768 _d179768 |
||